Szczegóły MARC21

Jezioro Miedwie i Nizina Pyrzycka : harmonia przyrody i ludzkich marzeń /

003 -Nazwa inst., której nr kontr. jest w polu 001 [,]
    • @
    • Nazwa instytucji, której n kontrolny jest w polu 001
    • NUKAT
005 -DATA I CZAS OSTATNIEJ MODYFIKACJI [,]
    • @
    • pole kontrolne
    • 20241231115823.0
020 -Międzynarod. znormalizowany nr książki - ISBN [ , ]
    • a
    • Numer ISBN
    • 9788389402554 Find
040 -Instytucja sporządzająca opis [ , ]
    • a
    • Instytucja, która sporządziła opis (NP)
    • SZCZ 004/HZ
    • c
    • Instytucja, która sporządziła rekord (NP)
    • SZCZ 004/HZs
    • d
    • Instytucja, która zmodyfikowała rekord (P)
    • SZCZ 004/DB
942 -Rodzaj dokumentu [ , ]
    • c
    • Rodzaj dokumentu
    • Książka
245 -Strefa tytułu i oznaczenia odpowiedzialności [0,0]
    • a
    • Tytuł
    • Jezioro Miedwie i Nizina Pyrzycka : Find
    • b
    • Ciąg dalszy tytułu (NP)
    • harmonia przyrody i ludzkich marzeń / Find
    • c
    • Pozostałe elementy strefy tytułu i oznaczenia odpowiedzialności (NP)
    • red. nauk. Ryszard Krzysztof Borówka ; aut. Wanda Bacieczko [et al.] ; [fot. A. F. Grootjans et al.].
260 -Strefa adresu wydawniczego [ , ]
    • a
    • Miejsce wydania (P)
    • Szczecin :
    • b
    • Nazwa wydawcy (P)
    • Oficyna In Plus,
    • c
    • Data wydania (P)
    • [2007].
300 -Strefa opisu fizycznego [ , ]
    • a
    • Określenie formy książki i/lub objętość (NP)
    • 255 s. :
    • b
    • Oznaczenie ilustracji (NP)
    • il. kolor. ;
    • c
    • Format (NP)
    • 31 cm.
336 -Typ zawartości [ , ]
    • a
    • Termin opisujący typ zawartości
    • Tekst
    • b
    • Kod określający zawartość
    • txt
    • 2
    • Źródło (terminu i kodu)
    • rdacontent
337 -Typ mediów [ , ]
    • a
    • Tryb odtwarzania
    • Bez urządzenia pośredniczącego
    • b
    • Kod typu mediów
    • n
    • 2
    • Źródło (terminu i kodu)
    • rdamedia
338 -Typ/rodzaj nośnika [ , ]
    • a
    • Hasło opisujące typ nośnika
    • Wolumin
    • b
    • Kod typu nośnika
    • nc
    • 2
    • Źródło (terminu i kodu)
    • rdacarrier
490 -Strefa serii i książki wielotomowej - forma nie do wyszukiwania [1, ]
    • a
    • Tytuł (P)
    • Okolice, Tajemnice, Szlaki... Find
830 -Hasło dodatkowe serii i opisu książki wielotomowej - tytuł ujednolicony/tytuł [ ,0]
    • a
    • Tytuł ujednolicony/tytuł (NP)
    • Okolice, Tajemnice, Szlaki...
    • 9
    • KHW
    • 22390
500 -Uwaga ogólna [ , ]
    • a
    • Uwaga ogólna (NP)
    • Na okł.: Pomorze Zachodnie.
500 -Uwaga ogólna [ , ]
    • a
    • Uwaga ogólna (NP)
    • Data wyd. wg.: www.kp.org.pl.
504 -Uwaga dot. bibliogr. załącznikowej [ , ]
    • a
    • Uwaga dot. bibliografii załącznikowej
    • Bibliogr. s. 254-255.
080 -Uniwersalna Klasyfikacja Dziesiętna [ , ]
    • 2
    • Identyfikator wydania tablic
    • UDC-P058
    • 9
    • UKD
    • 6822
    • a
    • Symbol klasyfikacji
    • 913(438)(036)
    • b
    • Dopowiedzenie
    • Przewodniki turystyczno-krajoznawcze po Polsce.
080 -Uniwersalna Klasyfikacja Dziesiętna [ , ]
    • 2
    • Identyfikator wydania tablic
    • UDC-P058
    • 9
    • UKD
    • 6824
    • a
    • Symbol klasyfikacji
    • 913(438)A/Z
    • b
    • Dopowiedzenie
    • Poszczególne jednostki geograficzne Polski.
651 -Hasło przedmiotowe w formie nazwy geograficznej [ ,7]
    • a
    • Nazwa geograficzna
    • Miedwie (Polska ; jezioro).
    • 2
    • Źródło terminu
    • kaba
    • 9
    • KHW
    • 168021
651 -Hasło przedmiotowe w formie nazwy geograficznej [ ,7]
    • a
    • Nazwa geograficzna
    • Pyrzyce (Polska ; region).
    • 2
    • Źródło terminu
    • kaba
    • 9
    • KHW
    • 164711
980 -Symbol UKD [ , ]
    • a
    • UKD
    • 913(438):913(438)(036)]Nizina Pyrzycka
700 -Hasło dodatkowe - nazwa osobowa [1, ]
    • a
    • Nazwa osobowa (NP)
    • Borówka, Ryszard Krzysztof Find
    • d
    • Daty biograficzne (NP)
    • (1949- ).
    • e
    • Określenie rodzaju współpracy
    • Red.
    • 9
    • KHW
    • 19492
700 -Hasło dodatkowe - nazwa osobowa [1, ]
    • a
    • Nazwa osobowa (NP)
    • Bacieczko, Wanda Find
    • d
    • Daty biograficzne (NP)
    • (1946- ).
    • 9
    • KHW
    • 7868
700 -Hasło dodatkowe - nazwa osobowa [1, ]
    • a
    • Nazwa osobowa (NP)
    • Grootjans, A. F. Find
    • e
    • Określenie rodzaju współpracy
    • Fot.
    • 9
    • KHW
    • 436789
920 -ISBN [ , ]
    • a
    • ISBN
    • 978-83-89402-55-4 Find
Numer inwentarzowy Lokalizacja Sygnatura Status udost. Data inwentaryzacji
ZS.6BG 12008-03-06
WF.8745BMPrzewodniki - Pomorze 3212010-11-03